000 00521nam a22001817a 4500
999 _c193799
_d193799
005 20221117103856.0
010 _aENG-135712
020 _a9788192557199
_c750.00
035 _aEN-119244
037 _bDBAD/PUB
082 _a398.26
100 _aGrover, D.C.
245 _aThe Might and Mystical Rivers of India/
_cby D.C. Grover
260 _aAllahabad
_bAnurag Publication
_c2016
270 _a116/70 Lukerganj
_bAllahabad
_e211001
300 _a248p.
_c23cm(hbk)
942 _2ddc
_cEN
_mGRO
_h398.26